John the baptist; The negleted prophe. (Record no. 5863)

000 -LEADER
fixed length control field 00493nam a2200169 a 4500
001 - CONTROL NUMBER
control field :::00003605$&:&@@
003 - CONTROL NUMBER IDENTIFIER
control field OkBaRHE
005 - DATE AND TIME OF LATEST TRANSACTION
control field 20001026122554.0
008 - FIXED-LENGTH DATA ELEMENTS--GENERAL INFORMATION
fixed length control field j 000 0 eng u
040 ## - CATALOGING SOURCE
Transcribing agency
100 1# - MAIN ENTRY--PERSONAL NAME
Personal name Hicks, Geo. E.
245 10 - TITLE STATEMENT
Title John the baptist; The negleted prophe.
260 ## - PUBLICATION, DISTRIBUTION, ETC. (IMPRINT)
Place of publication, distribution, etc London
Name of publisher, distributor, etc Pickering & Inglis LTD
300 ## - PHYSICAL DESCRIPTION
Extent 102 p. ;
Dimensions 19 cm.
942 ## - ADDED ENTRY ELEMENTS (KOHA)
Source of classification or shelving scheme
Koha item type Books
Copies
Damaged status Price effective from Full call number Date last seen Barcode Withdrawn status Lost status Not for loan Date acquired Koha item type Source of classification or shelving scheme Permanent Location Shelving location Copy number
 2010-04-14BS 2456 .H52018-03-163605   2010-04-14Books RHEMA Bible Training CollegeGeneral Stacks1